[Event "Col Ch "]
[Site "Ibague "]
[Date "2013.07.03"]
[Round "4.11"]
[White "Rios Parra, Alejandro"]
[Black "Otero, Daniel"]
[Result "1-0"]
[WhiteElo "2344"]
[BlackElo "2135"]
[PlyCount "99"]
[EventDate "2013.07.01"]
[EventType "swiss"]
[EventRounds "11"]
[EventCountry "COL"]
[SourceDate "2005.09.12"]

1. e4 e5 2. Nf3 Nc6 3. Bb5 d6 4. c3 Nf6 5. d4 Bd7 6. Nbd2 Be7 7. O-O O-O 8. d5
Nb8 9. Bd3 Bg4 10. Re1 Nbd7 11. Nf1 Ne8 12. h3 Bxf3 13. Qxf3 Bg5 14. Ne3 g6 15.
c4 Ng7 16. Bc2 a5 17. b3 Bxe3 18. Qxe3 f5 19. f3 f4 20. Qf2 Nh5 21. Bd2 Ng3 22.
a3 h5 23. b4 axb4 24. axb4 Qe7 25. Bb3 b6 26. Ba4 g5 27. Bc6 Rab8 28. Ra7 Nf6
29. Bc1 g4 30. Ba3 Qg7 31. c5 bxc5 32. bxc5 gxh3 33. gxh3 Ngxe4+ 34. Qg2 Qxg2+
35. Kxg2 Nxc5 36. Rxc7 Kh8 37. Bxc5 dxc5 38. Rxe5 Rg8+ 39. Kf1 c4 40. d6 Rb1+
41. Re1 Rbb8 42. Rf7 Rb6 43. Rc7 Rbb8 44. d7 Rgd8 45. Ba4 c3 46. Rd1 Ra8 47.
Rxc3 Kg7 48. Rc4 Kf7 49. Rxf4 Ra7 50. Rd6 1-0

[Event "Col Ch "]
[Site "Ibague "]
[Date "2013.07.03"]
[Round "4.12"]
[White "Sanchez, Sebastian Felipe"]
[Black "Almanza, Rafael Andres"]
[Result "1-0"]
[WhiteElo "2328"]
[BlackElo "2186"]
[PlyCount "55"]
[EventDate "2013.07.01"]
[EventType "swiss"]
[EventRounds "11"]
[EventCountry "COL"]
[SourceDate "2005.09.12"]
[WhiteClock "0:26:19"]
[BlackClock "0:19:09"]

1. e4 e6 2. d4 d5 3. Nd2 c5 4. Ngf3 Nc6 5. exd5 exd5 6. Bb5 Bd6 7. dxc5 Bxc5 8.
O-O Nge7 9. Nb3 Bd6 10. Re1 O-O 11. Bd3 h6 12. h3 Nf5 13. c3 Qf6 14. Bc2 Rd8
15. Qd3 Bf8 16. g4 g6 17. Qf1 Nfe7 18. Qg2 b6 19. Be3 Bb7 20. Nbd4 Na5 21. g5
Qd6 22. gxh6 Re8 23. Qg4 Qf6 24. Bg5 Qd6 25. Bf4 Qd8 26. Ng5 Bxh6 27. Nxf7 Kxf7
28. Rxe7+ 1-0

[Event "Col Ch "]
[Site "Ibague "]
[Date "2013.07.03"]
[Round "4.13"]
[White "Hernandez Sanchez, Jairo Andre"]
[Black "Buitrago, Juan Carlos"]
[Result "0-1"]
[WhiteElo "2320"]
[BlackElo "2124"]
[PlyCount "92"]
[EventDate "2013.07.01"]
[EventType "swiss"]
[EventRounds "11"]
[EventCountry "COL"]
[SourceDate "2005.09.12"]

1. e4 e5 2. Nf3 Nc6 3. Bb5 a6 4. Ba4 Nf6 5. Qe2 b5 6. Bb3 Be7 7. O-O O-O 8. c3
d6 9. d4 Bg4 10. Rd1 Qc8 11. a4 Rb8 12. axb5 axb5 13. d5 Nd8 14. Ra7 Ne8 15. h3
Bd7 16. Nbd2 Kh8 17. Nf1 Ra8 18. Rxa8 Qxa8 19. Ng3 g6 20. Bh6 Ng7 21. Bc2 f6
22. Bd3 Qb7 23. Qc2 Nf7 24. Be3 Ra8 25. Nd2 Qc8 26. Rf1 h5 27. Ne2 h4 28. f4
Bxh3 29. gxh3 Qxh3 30. Nf3 Nh5 31. Qc1 g5 32. fxg5 fxg5 33. Nh2 Nf4 34. Bxf4
gxf4 35. Nf3 Rg8+ 36. Kf2 Rg2+ 37. Ke1 Ng5 38. Neg1 Qg3+ 39. Kd1 h3 40. Be2 h2
41. Nxh2 Qxh2 42. Nf3 Nxf3 43. Bxf3 Rg1 44. Be2 f3 45. Bxb5 Bg5 46. Qc2 Rg2 0-1

[Event "Col Ch "]
[Site "Ibague "]
[Date "2013.07.03"]
[Round "4.14"]
[White "Diaz, Jaime Walter"]
[Black "Tovio, Israel"]
[Result "0-1"]
[WhiteElo "2175"]
[BlackElo "2291"]
[PlyCount "60"]
[EventDate "2013.07.01"]
[EventType "swiss"]
[EventRounds "11"]
[EventCountry "COL"]
[SourceDate "2005.09.12"]

1. e4 c5 2. Nf3 d6 3. c3 Nf6 4. Bc4 e6 5. Qe2 Nc6 6. d3 Be7 7. O-O O-O 8. a3 d5
9. Ba2 b5 10. e5 Nd7 11. d4 b4 12. dxc5 a5 13. Re1 Ba6 14. Qd1 Nxc5 15. Nd4
Nxd4 16. cxd4 Nd3 17. Re3 Bg5 18. Rxd3 Bxd3 19. f4 Bxb1 20. Bxb1 Be7 21. Qh5 g6
22. Qe2 Rc8 23. Bd3 Qb6 24. Be3 bxa3 25. bxa3 Rc3 26. Rb1 Rb3 27. Rd1 Rc8 28.
a4 Rcc3 29. Bf2 Rb2 30. Rd2 Rc1+ 0-1

[Event "Col Ch "]
[Site "Ibague "]
[Date "2013.07.03"]
[Round "4.15"]
[White "Florez, Carlos Julio"]
[Black "Agudelo, Antonio"]
[Result "1-0"]
[WhiteElo "2130"]
[BlackElo "2275"]
[PlyCount "53"]
[EventDate "2013.07.01"]
[EventType "swiss"]
[EventRounds "11"]
[EventCountry "COL"]
[SourceDate "2005.09.12"]

1. e4 e6 2. d3 d5 3. Nd2 c5 4. g3 Nc6 5. Ngf3 Nf6 6. Bg2 Be7 7. O-O Qc7 8. Re1
O-O 9. e5 Nd7 10. Qe2 b5 11. Nf1 b4 12. h4 a5 13. Bf4 a4 14. a3 Ba6 15. Ne3 Nb6
16. Ng5 Bxg5 17. hxg5 c4 18. Qh5 Rfc8 19. Ng4 Nd4 20. Nf6+ Kf8 21. Qxh7 Ke7 22.
g4 cxd3 23. cxd3 Qc2 24. g6 Bxd3 25. Qxg7 Bxg6 26. Bg5 Rh8 27. Nxd5+ 1-0

[Event "Col Ch "]
[Site "Ibague "]
[Date "2013.07.03"]
[Round "4.16"]
[White "Uribe Arteaga, Daniel"]
[Black "Cifuentes, Jhon Jairo"]
[Result "1-0"]
[WhiteElo "2274"]
[BlackElo "2120"]
[PlyCount "53"]
[EventDate "2013.07.01"]
[EventType "swiss"]
[EventRounds "11"]
[EventCountry "COL"]
[SourceDate "2005.09.12"]

1. d4 d5 2. c4 e6 3. Nc3 c6 4. e3 Nf6 5. Nf3 Nbd7 6. Qc2 Bd6 7. b3 Qe7 8. Be2
O-O 9. O-O b6 10. e4 dxe4 11. Nxe4 Nxe4 12. Qxe4 Nf6 13. Qh4 h6 14. Bb2 Ba3 15.
Bc3 Nh7 16. Qe4 Bb7 17. Rad1 Rfe8 18. Ne5 c5 19. Qe3 Ng5 20. d5 exd5 21. cxd5
a6 22. f4 Nh7 23. d6 Qd8 24. Bc4 Rf8 25. Ng6 b5 26. Ne7+ Kh8 27. Qg3 1-0

[Event "Col Ch "]
[Site "Ibague "]
[Date "2013.07.03"]
[Round "4.17"]
[White "Castaneda, Jhon David"]
[Black "Nunez V, Gustavo Eduardo"]
[Result "1/2-1/2"]
[WhiteElo "2123"]
[BlackElo "2245"]
[PlyCount "113"]
[EventDate "2013.07.01"]
[EventType "swiss"]
[EventRounds "11"]
[EventCountry "COL"]
[SourceDate "2005.09.12"]

1. d4 Nf6 2. c4 e5 3. dxe5 Ne4 4. Nf3 Bb4+ 5. Bd2 Nxd2 6. Nbxd2 Nc6 7. a3 Bxd2+
8. Qxd2 Qe7 9. e3 Nxe5 10. Nd4 d6 11. Be2 O-O 12. O-O f5 13. Rfe1 Kh8 14. Rac1
a5 15. b3 Nd7 16. Bd3 Nc5 17. Bb1 Ne4 18. Qc2 g6 19. f3 Nf6 20. Qc3 Qg7 21. e4
fxe4 22. Bxe4 c6 23. Bb1 d5 24. c5 Nh5 25. Re3 Bd7 26. Rce1 Rae8 27. Rxe8 Rxe8
28. Rxe8+ Bxe8 29. Qe3 Bd7 30. g4 Nf6 31. Bd3 Kg8 32. Kg2 Kf8 33. Kg3 Qe7 34.
Qxe7+ Kxe7 35. Kf4 Be8 36. b4 axb4 37. axb4 Nd7 38. h4 Kf6 39. Bf1 b6 40. g5+
Kf7 41. Nxc6 bxc5 42. bxc5 Nxc5 43. Ne5+ Ke7 44. Ng4 Bf7 45. Ke5 Be6 46. Nf6
Nd7+ 47. Nxd7 Bxd7 48. Kxd5 Kf7 49. Ke5 Kg7 50. Bd3 h6 51. gxh6+ Kxh6 52. Kf6
Be8 53. f4 Kh5 54. Kg7 Kxh4 55. Bxg6 Bd7 56. Kf6 Kg4 57. Ke5 1/2-1/2

[Event "Col Ch "]
[Site "Ibague "]
[Date "2013.07.03"]
[Round "4.18"]
[White "Otalora, Carlos Eduardo"]
[Black "Pardo, Alejandro"]
[Result "0-1"]
[WhiteElo "2114"]
[BlackElo "2232"]
[PlyCount "80"]
[EventDate "2013.07.01"]
[EventType "swiss"]
[EventRounds "11"]
[EventCountry "COL"]
[SourceDate "2005.09.12"]

1. d4 g6 2. c4 Bg7 3. Nc3 Nf6 4. e4 d6 5. f3 O-O 6. Be3 c5 7. Nge2 Nc6 8. Qd2
b6 9. h4 h5 10. O-O-O a6 11. Kb1 Rb8 12. d5 Ne5 13. Nc1 Bd7 14. Bh6 b5 15. Bxg7
Kxg7 16. Ka1 Nxc4 17. Bxc4 bxc4 18. g4 Qa5 19. gxh5 Nxh5 20. N1e2 Rb7 21. Rhg1
Rfb8 22. Rb1 Ba4 23. f4 Rh8 24. f5 Be8 25. Rg5 Nf6 26. Rbg1 Rxh4 27. fxg6 fxg6
28. Nf4 Qb4 29. Nxg6 Bxg6 30. Rxg6+ Kf7 31. Rxf6+ exf6 32. e5 dxe5 33. d6 Rd4
34. Qg2 Ke6 35. Qg8+ Kxd6 36. Qd8+ Kc6 37. Qxf6+ Rd6 38. Qf3+ Kb6 39. Nd5+ Rxd5
40. Qxd5 c3 0-1

[Event "Col Ch "]
[Site "Ibague "]
[Date "2013.07.03"]
[Round "4.19"]
[White "Dominguez, Ramiro"]
[Black "Hernandez, Cristian Andres"]
[Result "1-0"]
[WhiteElo "2225"]
[BlackElo "2113"]
[PlyCount "93"]
[EventDate "2013.07.01"]
[EventType "swiss"]
[EventRounds "11"]
[EventCountry "COL"]
[SourceDate "2005.09.12"]

1. e4 c5 2. Nf3 d6 3. d4 Nf6 4. Nc3 cxd4 5. Nxd4 a6 6. Be2 e5 7. Nb3 Be7 8. f4
O-O 9. g4 exf4 10. Bxf4 Be6 11. g5 Ne8 12. Qd2 Nc6 13. O-O-O Rc8 14. h4 b5 15.
Nd5 Bxd5 16. exd5 Ne5 17. Nd4 Nc4 18. Qe1 Ne5 19. Bxe5 dxe5 20. Nc6 Qd6 21. Bg4
Rc7 22. Qa5 h6 23. Qxa6 hxg5 24. Nxe7+ Rxe7 25. Qxd6 Nxd6 26. hxg5 g6 27. Rh3
Kg7 28. Rc3 Rd8 29. Rc6 e4 30. a4 b4 31. c4 bxc3 32. bxc3 Re5 33. Be2 Rxg5 34.
c4 Rg2 35. Rxd6 Rxd6 36. c5 Rxe2 37. cxd6 Kf8 38. Rd2 Re1+ 39. Kb2 e3 40. Rd3
f5 41. a5 f4 42. Rd4 e2 43. Re4 Rd1 44. a6 e1=Q 45. Rxe1 Rxe1 46. d7 Ke7 47. a7
1-0

[Event "Col Ch "]
[Site "Ibague "]
[Date "2013.07.03"]
[Round "4.23"]
[White "Herrera Perez, Martin Steven"]
[Black "Herrera, Juan Sebastian"]
[Result "0-1"]
[WhiteElo "1974"]
[BlackElo "2205"]
[PlyCount "74"]
[EventDate "2013.07.01"]
[EventType "swiss"]
[EventRounds "11"]
[EventCountry "COL"]
[SourceDate "2005.09.12"]

1. e4 c5 2. Nf3 e6 3. d4 cxd4 4. Nxd4 a6 5. Nc3 Qc7 6. f4 b5 7. Bd3 Bb7 8. Qe2
b4 9. Nd1 Nf6 10. Nf2 d6 11. g4 e5 12. Nf3 Nc6 13. f5 Be7 14. Bg5 Nd7 15. Bd2
Nb6 16. O-O-O a5 17. Kb1 a4 18. Rc1 d5 19. exd5 Nxd5 20. Rhe1 O-O 21. g5 Bc5
22. Ne4 a3 23. b3 Nd4 24. Qf1 Nxf3 25. Qxf3 Bd4 26. f6 g6 27. Qh3 h5 28. gxh6
Nf4 29. Bxf4 exf4 30. h7+ Kh8 31. c4 Bxe4 32. Bxe4 Rae8 33. Bd5 Bxf6 34. Qf1
Kxh7 35. c5 Kg7 36. Qc4 Re3 37. Re2 Qe5 0-1

[Event "Col Ch "]
[Site "Ibague "]
[Date "2013.07.03"]
[Round "4.24"]
[White "Chavarro, Hugo"]
[Black "Blandon, Luis Guillermo"]
[Result "0-1"]
[WhiteElo "2296"]
[BlackElo "1993"]
[PlyCount "60"]
[EventDate "2013.07.01"]
[EventType "swiss"]
[EventRounds "11"]
[EventCountry "COL"]
[SourceDate "2005.09.12"]

1. e4 c5 2. Nf3 d6 3. d4 cxd4 4. Nxd4 Nf6 5. f3 e5 6. Bb5+ Nbd7 7. Nf5 d5 8.
exd5 a6 9. Ba4 b5 10. Bb3 Nc5 11. Ne3 Nxb3 12. axb3 Bc5 13. c4 Nh5 14. g3 O-O
15. Nc3 Qb6 16. Qe2 Re8 17. Bd2 f5 18. Nc2 bxc4 19. Qxc4 Bd7 20. O-O-O Rac8 21.
b4 Bd4 22. Qe2 Nf6 23. Kb1 Qb7 24. Qd3 Nxd5 25. Nxd5 Qxd5 26. Bc3 Be6 27. Nxd4
exd4 28. Qxd4 Qa2+ 29. Kc1 Rxc3+ 30. bxc3 Bb3 0-1

[Event "Col Ch "]
[Site "Ibague "]
[Date "2013.07.03"]
[Round "4.25"]
[White "Mateus, Alejandro"]
[Black "Vasquez, Nuremberg Ad"]
[Result "1/2-1/2"]
[WhiteElo "2289"]
[BlackElo "2002"]
[PlyCount "57"]
[EventDate "2013.07.01"]
[EventType "swiss"]
[EventRounds "11"]
[EventCountry "COL"]
[SourceDate "2005.09.12"]

1. e4 e5 2. Nf3 Nc6 3. d4 exd4 4. Nxd4 Bc5 5. Nb3 Bb6 6. Nc3 Qf6 7. Qe2 Nge7 8.
Nd5 Nxd5 9. exd5+ Ne7 10. h4 h6 11. c4 d6 12. Bg5 Qxf2+ 13. Qxf2 Bxf2+ 14. Kxf2
hxg5 15. h5 Ng6 16. c5 Bd7 17. Ba6 Nf4 18. Bxb7 Rb8 19. c6 Bg4 20. Rae1+ Kd8
21. Re4 Re8 22. Rxe8+ Kxe8 23. Nd2 Nxd5 24. Ne4 f6 25. Rc1 Bc8 26. Bxc8 Rxc8
27. Kf3 Rb8 28. b3 Rb4 29. Nxd6+ 1/2-1/2

[Event "Col Ch "]
[Site "Ibague "]
[Date "2013.07.03"]
[Round "4.26"]
[White "Garces, Javier"]
[Black "Beltran, Carlos Armando"]
[Result "0-1"]
[WhiteElo "2001"]
[BlackElo "2237"]
[PlyCount "52"]
[EventDate "2013.07.01"]
[EventType "swiss"]
[EventRounds "11"]
[EventCountry "COL"]
[SourceDate "2005.09.12"]

1. d4 Nf6 2. c4 e6 3. Nc3 Bb4 4. Nf3 c5 5. Bg5 h6 6. Bh4 Qa5 7. Qc2 Nc6 8. Bxf6
gxf6 9. e3 d6 10. Be2 Bxc3+ 11. bxc3 cxd4 12. Nxd4 Nxd4 13. exd4 Bd7 14. Bf3
Rc8 15. O-O Rxc4 16. Bxb7 Qxc3 17. Qe2 Rc7 18. Rab1 Qxd4 19. Rfd1 Qe5 20. Qd2
Ke7 21. f4 Qc5+ 22. Kh1 Rb8 23. Rdc1 Qf5 24. Rd1 Rbxb7 25. Qxd6+ Ke8 26. Rxb7
Rxb7 0-1

[Event "Col Ch "]
[Site "Ibague "]
[Date "2013.07.03"]
[Round "4.27"]
[White "Guzman, River"]
[Black "Contreras, Henry"]
[Result "0-1"]
[WhiteElo "1972"]
[BlackElo "2230"]
[PlyCount "54"]
[EventDate "2013.07.01"]
[EventType "swiss"]
[EventRounds "11"]
[EventCountry "COL"]
[SourceDate "2005.09.12"]

1. e4 c5 2. Nf3 d6 3. d4 cxd4 4. Nxd4 Nf6 5. Nc3 a6 6. Bg5 e6 7. Qd2 Be7 8. Be2
h6 9. Be3 Qc7 10. f4 b5 11. a3 Bb7 12. Bf3 Nbd7 13. Nb3 Rc8 14. g4 Nb6 15. Qg2
Nc4 16. Bc1 g5 17. f5 Qb6 18. Qe2 Ne5 19. fxe6 Rxc3 20. exf7+ Kxf7 21. bxc3
Nxf3+ 22. Qxf3 Bxe4 23. Qf1 Qc6 24. Rg1 Bxc2 25. Rg3 Bxb3 26. c4 Bxc4 27. Qf2
Bd8 0-1

[Event "Col Ch "]
[Site "Ibague "]
[Date "2013.07.03"]
[Round "4.28"]
[White "Guerrero Forero, Ricardo Alon"]
[Black "Tirado, Juan Camilo"]
[Result "0-1"]
[WhiteElo "2208"]
[BlackElo "2001"]
[PlyCount "62"]
[EventDate "2013.07.01"]
[EventType "swiss"]
[EventRounds "11"]
[EventCountry "COL"]
[SourceDate "2005.09.12"]

1. d4 Nf6 2. c4 e6 3. Nc3 d5 4. e3 c5 5. a3 Be7 6. Nf3 dxc4 7. Bxc4 O-O 8. Ne5
Nbd7 9. Nxf7 Kxf7 10. Bxe6+ Ke8 11. Qa4 Qb6 12. d5 Qa6 13. Qxa6 bxa6 14. f4 Nb6
15. Bxc8 Rxc8 16. O-O Kf7 17. e4 Rfe8 18. Rd1 Rcd8 19. Kf2 Nxe4+ 20. Nxe4 Nxd5
21. Kf3 Bf8 22. Rd2 Nb6 23. Ng5+ Kg6 24. g4 h6 25. f5+ Kf6 26. Nh7+ Kf7 27.
Rxd8 Rxd8 28. Nxf8 Kxf8 29. Be3 Rd3 30. Ke4 c4 31. Rc1 Rb3 0-1

[Event "Col Ch "]
[Site "Ibague "]
[Date "2013.07.03"]
[Round "4.29"]
[White "Valderrama Quiceno, Esteban Al"]
[Black "Blandon Villa, Diego F"]
[Result "0-1"]
[WhiteElo "1939"]
[BlackElo "2196"]
[PlyCount "154"]
[EventDate "2013.07.01"]
[EventType "swiss"]
[EventRounds "11"]
[EventCountry "COL"]
[SourceDate "2005.09.12"]

1. e4 c5 2. Nf3 d6 3. d4 cxd4 4. Qxd4 Nc6 5. Bb5 Bd7 6. Bxc6 Bxc6 7. Nc3 h6 8.
Be3 Nf6 9. O-O-O e5 10. Qd3 Be7 11. h3 O-O 12. g4 b5 13. g5 hxg5 14. Nxg5 Qa5
15. Kb1 g6 16. Rhg1 Qb4 17. f4 Qc4 18. Rdf1 Qxd3 19. cxd3 exf4 20. Bxf4 Nd7 21.
Nf3 b4 22. Ne2 Bb5 23. Rd1 Nc5 24. Nc1 Ne6 25. Be3 Bc6 26. Nb3 Rfd8 27. Nbd4
Nxd4 28. Nxd4 Bd7 29. Rc1 Rdc8 30. Rxc8+ Rxc8 31. Nf5 Bf8 32. Ng3 Bxh3 33. Bxa7
Bd7 34. Be3 Bb5 35. Rd1 Bg7 36. Ne2 Ba6 37. Nc1 Re8 38. Bd2 Rb8 39. Be1 d5 40.
Nb3 Bf8 41. e5 g5 42. d4 Be2 43. Rd2 Bf3 44. Nc5 Kg7 45. Kc2 Be7 46. Bg3 Ra8
47. Kb3 g4 48. a4 bxa3 49. bxa3 Bg5 50. Ra2 Bd1+ 51. Kc3 Rh8 52. Rh2 Ra8 53.
Ra2 Bd8 54. Kd2 Bf3 55. a4 Ba5+ 56. Ke3 Rb8 57. Kf4 Rb1 58. Kf5 Bc3 59. Bf2 Rf1
60. Kg5 Rxf2 61. Rxf2 Bxd4 62. Nd3 Bxf2 63. Nxf2 g3 64. Nh3 Bg2 65. Nf4 Bf3 66.
Nh3 g2 67. Kf4 Be2 68. a5 Kg6 69. Ke3 Bf1 70. Kf4 Ba6 71. Ng1 d4 72. Ke4 d3 73.
Ke3 Kf5 74. Nf3 Bb7 75. Ng1 Ba6 76. Nf3 Kg4 77. Kf2 g1=Q+ 0-1

[Event "Col Ch "]
[Site "Ibague "]
[Date "2013.07.03"]
[Round "4.30"]
[White "Leal Cortes, Diego Fernando"]
[Black "Barros, Raul Junior"]
[Result "1/2-1/2"]
[WhiteElo "1901"]
[BlackElo "2180"]
[PlyCount "38"]
[EventDate "2013.07.01"]
[EventType "swiss"]
[EventRounds "11"]
[EventCountry "COL"]
[SourceDate "2005.09.12"]

1. e4 c5 2. Nf3 e6 3. d4 cxd4 4. Nxd4 Nf6 5. Nc3 Nc6 6. Nxc6 bxc6 7. e5 Nd5 8.
Ne4 Qc7 9. f4 Qb6 10. Bd3 a5 11. a3 Ne3 12. Qe2 Nf5 13. g4 Nh4 14. Qf2 Qxf2+
15. Kxf2 Be7 16. Nd6+ Bxd6 17. exd6 Ba6 18. Bxa6 Rxa6 19. Be3 O-O 1/2-1/2

[Event "Col Ch "]
[Site "Ibague "]
[Date "2013.07.03"]
[Round "4.31"]
[White "Arango, Andres Mauricio"]
[Black "Zapata Arbelaez, Estiven"]
[Result "1/2-1/2"]
[WhiteElo "2142"]
[BlackElo "2001"]
[PlyCount "145"]
[EventDate "2013.07.01"]
[EventType "swiss"]
[EventRounds "11"]
[EventCountry "COL"]
[SourceDate "2005.09.12"]

1. e4 e5 2. Nf3 Nc6 3. Bb5 a6 4. Ba4 Nf6 5. O-O b5 6. Bb3 d6 7. Ng5 d5 8. exd5
Nd4 9. d6 Nxb3 10. dxc7 Qxc7 11. axb3 Bd6 12. Nc3 Bb7 13. d3 O-O 14. Nge4 Nxe4
15. Nxe4 Be7 16. f3 Rac8 17. c4 Qb6+ 18. Kh1 Rfd8 19. Qe2 bxc4 20. bxc4 Qb3 21.
Nf2 Bc5 22. Be3 Bxe3 23. Qxe3 f6 24. h4 Rxc4 25. g3 Rc2 26. h5 Qd5 27. Qe4 Qf7
28. Qf5 Bc8 29. Qe4 Qxh5+ 30. Kg1 Rxb2 31. Rab1 Rxb1 32. Rxb1 Be6 33. g4 Qg6
34. Qc6 Bd5 35. Qc7 Rf8 36. Kg2 Qf7 37. Qa5 f5 38. g5 e4 39. Rc1 exf3+ 40. Kf1
Qe6 41. Rc5 Rb8 42. Qa1 Qe2+ 43. Kg1 Qe3 44. Qc1 Qxc1+ 45. Rxc1 Kf7 46. Rc7+
Kg6 47. Nh3 Rb4 48. Kf2 f4 49. Ra7 Ra4 50. Rd7 Ra2+ 51. Kf1 Be6 52. Nxf4+ Kf5
53. Nxe6 Kxe6 54. Rxg7 Kf5 55. Rxh7 Kxg5 56. d4 Kf4 57. d5 Ke5 58. Rf7 Ra3 59.
Rd7 a5 60. Rd8 Rd3 61. Kf2 Rxd5 62. Re8+ Kd4 63. Kxf3 Kc3 64. Ke2 Kb2 65. Ra8
Kb3 66. Ra7 a4 67. Rb7+ Ka2 68. Rb8 a3 69. Rb7 Ka1 70. Rb8 a2 71. Rb7 Rh5 72.
Kd2 Rh2+ 73. Kc1 1/2-1/2

[Event "Col Ch "]
[Site "Ibague "]
[Date "2013.07.03"]
[Round "4.32"]
[White "Osorio, Alejandro"]
[Black "Cespedes, Jaime"]
[Result "1/2-1/2"]
[WhiteElo "1883"]
[BlackElo "2138"]
[PlyCount "80"]
[EventDate "2013.07.01"]
[EventType "swiss"]
[EventRounds "11"]
[EventCountry "COL"]
[SourceDate "2005.09.12"]

1. d4 Nf6 2. c4 g6 3. Nc3 d5 4. Nf3 Bg7 5. Qb3 dxc4 6. Qxc4 c6 7. e4 Qa5 8. b4
Qd8 9. Bb2 Bg4 10. Be2 Bxf3 11. Bxf3 Nbd7 12. Rd1 O-O 13. O-O Rc8 14. Qb3 Ne8
15. Rfe1 Nc7 16. e5 Kh8 17. Ne4 Rb8 18. a3 e6 19. h3 Qe7 20. Bc1 h6 21. Bf4 Nd5
22. Bg3 Rbd8 23. Nd6 N7b6 24. Rc1 f5 25. Bxd5 Nxd5 26. f3 g5 27. b5 Rxd6 28.
exd6 Bxd4+ 29. Bf2 Bxf2+ 30. Kxf2 Qxd6 31. Qb2+ Kg8 32. Qe5 Qxe5 33. Rxe5 Nf4
34. Rd1 Kf7 35. g3 Nd5 36. bxc6 bxc6 37. Rb1 Kf6 38. Ree1 Rf7 39. Rec1 Rc7 40.
Rc5 Ke5 1/2-1/2

[Event "Col Ch "]
[Site "Ibague "]
[Date "2013.07.03"]
[Round "4.33"]
[White "Aristizabal, Jorge"]
[Black "Cespedes, Cesar Ivan"]
[Result "1/2-1/2"]
[WhiteElo "1881"]
[BlackElo "2111"]
[PlyCount "28"]
[EventDate "2013.07.01"]
[EventType "swiss"]
[EventRounds "11"]
[EventCountry "COL"]
[SourceDate "2005.09.12"]

1. e4 e6 2. d4 d5 3. exd5 exd5 4. Nf3 Nf6 5. Bd3 Bd6 6. Bg5 h6 7. Bh4 Bg4 8.
Nbd2 Nbd7 9. O-O O-O 10. Re1 c6 11. c3 Qc7 12. Nf1 Rfe8 13. Rxe8+ Rxe8 14. Bg3
Ne4 1/2-1/2

[Event "Col Ch "]
[Site "Ibague "]
[Date "2013.07.03"]
[Round "4.34"]
[White "Acosta Cruz, Luis Ivan"]
[Black "Posada, Juan Manuel"]
[Result "0-1"]
[WhiteElo "1879"]
[BlackElo "2101"]
[PlyCount "82"]
[EventDate "2013.07.01"]
[EventType "swiss"]
[EventRounds "11"]
[EventCountry "COL"]
[SourceDate "2005.09.12"]

1. c4 Nf6 2. Nc3 d6 3. g3 c6 4. Bg2 e5 5. e3 Be7 6. Nge2 O-O 7. O-O Nbd7 8. d3
a5 9. a3 Nc5 10. d4 Ne6 11. Bd2 Re8 12. Rb1 Bf8 13. b4 exd4 14. exd4 axb4 15.
axb4 Nc7 16. Re1 Be6 17. c5 Ncd5 18. Bg5 Qc7 19. Bxf6 Nxf6 20. Nf4 Bf5 21. Ra1
Rad8 22. Rxe8 Nxe8 23. Qf3 dxc5 24. dxc5 Nf6 25. Nh5 Qe5 26. Nxf6+ Qxf6 27. Rd1
Rxd1+ 28. Nxd1 Qe5 29. Qc3 Qe2 30. Bf3 Qd3 31. Qxd3 Bxd3 32. Nc3 g6 33. Ne4 f5
34. Nf6+ Kf7 35. Nd7 Bg7 36. Nb6 Ke6 37. g4 Bc3 38. gxf5+ gxf5 39. Bd1 Bxb4 40.
Bb3+ Ke5 41. Nd7+ Kd4 0-1

[Event "Col Ch "]
[Site "Ibague "]
[Date "2013.07.03"]
[Round "4.35"]
[White "Salcedo, Pablo Esteban"]
[Black "Valdes, Nicolas"]
[Result "1-0"]
[WhiteElo "1869"]
[BlackElo "2095"]
[PlyCount "43"]
[EventDate "2013.07.01"]
[EventType "swiss"]
[EventRounds "11"]
[EventCountry "COL"]
[SourceDate "2005.09.12"]

1. d4 Nc6 2. Nf3 d6 3. e4 Bg4 4. Be2 e5 5. d5 Bxf3 6. Bxf3 Nce7 7. O-O Nf6 8.
c4 Qd7 9. Be3 Ng6 10. b4 a5 11. Qb3 axb4 12. Qxb4 b6 13. Nc3 h5 14. a4 Ra5 15.
Nb5 Ra8 16. a5 Nh4 17. axb6 Nxf3+ 18. gxf3 Rxa1 19. Nxc7+ Ke7 20. Rxa1 Qh3 21.
Nb5 Kd8 22. b7 1-0

[Event "Col Ch "]
[Site "Ibague "]
[Date "2013.07.03"]
[Round "4.36"]
[White "Gonzalez Parejo, Ramon Junior"]
[Black "Cardozo, Carlos Eduardo"]
[Result "0-1"]
[WhiteElo "2094"]
[BlackElo "1990"]
[PlyCount "68"]
[EventDate "2013.07.01"]
[EventType "swiss"]
[EventRounds "11"]
[EventCountry "COL"]
[SourceDate "2005.09.12"]

1. e4 e6 2. d4 d5 3. Nd2 Nf6 4. Bd3 c5 5. e5 Nfd7 6. Ne2 Nc6 7. c3 Be7 8. O-O
cxd4 9. cxd4 f6 10. Nf4 Nxd4 11. Qh5+ Kf8 12. Ng6+ hxg6 13. Qxh8+ Kf7 14. Qxd8
Bxd8 15. exf6 gxf6 16. f4 Bb6 17. Kh1 Nc5 18. Bb1 Bd7 19. b4 Na4 20. Bd3 Rc8
21. Nb3 Rc3 22. Nxd4 Bxd4 23. Be2 Rc8 24. Rb1 Nc3 25. Bb2 Nxe2 26. Bxd4 Nxd4
27. Rbc1 Rxc1 28. Rxc1 Bc6 29. a4 a6 30. Rd1 Ne2 31. b5 axb5 32. a5 Ke7 33. f5
gxf5 34. g3 d4# 0-1

[Event "Col Ch "]
[Site "Ibague "]
[Date "2013.07.03"]
[Round "4.37"]
[White "Arismendi Polanco, Efrain Stev"]
[Black "Navia, Edwin Adrian"]
[Result "0-1"]
[WhiteElo "1805"]
[BlackElo "2094"]
[PlyCount "42"]
[EventDate "2013.07.01"]
[EventType "swiss"]
[EventRounds "11"]
[EventCountry "COL"]
[SourceDate "2005.09.12"]

1. e4 c5 2. Nf3 d6 3. d4 cxd4 4. Nxd4 Nf6 5. Nc3 a6 6. f3 e6 7. Be3 b5 8. Qd2
Nbd7 9. g4 h6 10. O-O-O Bb7 11. h4 b4 12. Nce2 d5 13. exd5 Nxd5 14. Kb1 Ne5 15.
Ng3 Qc7 16. Ne4 O-O-O 17. Bf4 Nxf3 18. Bxc7 Nxd2+ 19. Rxd2 Kxc7 20. Rh3 Be7 21.
Rf3 Nf6 0-1

[Event "Col Ch "]
[Site "Ibague "]
[Date "2013.07.03"]
[Round "4.40"]
[White "Sosa Florez, Juan Sebastian"]
[Black "Zapata Cuartas, Juan Carlos"]
[Result "0-1"]
[WhiteElo "1671"]
[BlackElo "2089"]
[PlyCount "92"]
[EventDate "2013.07.01"]
[EventType "swiss"]
[EventRounds "11"]
[EventCountry "COL"]
[SourceDate "2005.09.12"]

1. d4 Nf6 2. c4 e6 3. Nc3 Bb4 4. a3 Bxc3+ 5. bxc3 c5 6. e3 Nc6 7. Bd3 d6 8. Ne2
O-O 9. O-O b6 10. Qc2 Ba6 11. dxc5 dxc5 12. Rd1 Qe8 13. e4 Ne5 14. Bg5 Nfg4 15.
h3 Nxd3 16. Rxd3 Ne5 17. Rg3 Bxc4 18. f4 Ng6 19. f5 exf5 20. exf5 Qxe2 21. Qxe2
Bxe2 22. fxg6 hxg6 23. Re3 Rfe8 24. Rxe8+ Rxe8 25. Re1 f6 26. Bf4 Kf7 27. Kf2
Bc4 28. Rxe8 Kxe8 29. Bb8 Kd7 30. Ke3 Kc6 31. h4 a5 32. Kd2 Kd5 33. Bc7 Kc6 34.
Bb8 b5 35. Kc2 Kd5 36. Bc7 a4 37. Kb2 Ke4 38. Bd6 Kf5 39. Bf8 Kg4 40. Bxg7 f5
41. h5 Kxh5 42. g3 Kg4 43. Be5 g5 44. Bd6 f4 45. gxf4 gxf4 46. Bxc5 Kf3 0-1